00443nam a22001577a 450000500170000001000150001702000260003203500140005803700090007208200110008124500680009225000060016026000540016627000450022030000200026520260702163425.0 aENG-148973 c600.00a9789393166432 aEN-132505 bDBAD a82021 aA Handbook of English Literature/cEdited by Niraj Jumar Sonkar a1 bSocial Research Foundation c2023aUttar Predesh  a128/170, H-Block, Kidwai Nagar, bKanpur a121p.c21cm(Hb)